Cẩm nang hướng dẫn sử dụng bộ quy tắc biên mục Anh - Mỹ rút gọn, 1988 (Ấn bản điện tử)

Kaydedildi:
Detaylı Bibliyografya
Yazar: Phạm, Thị Lệ Hương
Materyal Türü: Kitap
Dil:Undetermined
Baskı/Yayın Bilgisi: Việt Nam LEAF -VN (Hội hõ trợ Thư viện và Giáo dục Việt Nam) 2004
Konular:
Etiketler: Etiketle
Etiket eklenmemiş, İlk siz ekleyin!
Thư viện lưu trữ: Trung tâm Học liệu Trường Đại học Cần Thơ
LEADER 00728nam a2200193Ia 4500
001 CTU_117562
008 210402s9999 xx 000 0 und d
082 |a 025.32 
082 |b H561 
100 |a Phạm, Thị Lệ Hương 
245 0 |a Cẩm nang hướng dẫn sử dụng bộ quy tắc biên mục Anh - Mỹ rút gọn, 1988 
245 0 |b (Ấn bản điện tử) 
245 0 |c Phạm Thị Lệ Hương và Ngọc Mỹ Guidarelli 
260 |a Việt Nam 
260 |b LEAF -VN (Hội hõ trợ Thư viện và Giáo dục Việt Nam) 
260 |c 2004 
650 |a Descriptive cataloging 
904 |i M.Loan 
980 |a Trung tâm Học liệu Trường Đại học Cần Thơ